02088nam a2200397 u 450000100070000000500170000700700100002400800410003403500110007504000130008604100080009908000090010708200080011610000430012424501500016726000430031730000130036052007330037365000220110665000270112865000250115565000370118065000240121765000210124165000310126265000440129365000440133765000690138165000360145065000420148665000570152865000560158565000290164150200120167052600080168296772320260506160017.0co|||||||060317s2006 spa  a967723 ccomduadb aspa aV/CD 4a30710aArias Grajales, Roger Alonso4auteaut10aDe quien es la ciudad : una lectura de las relaciones de poder en el centro de la ciudad de Medellin desde la mirada de sus habitantes cotidianos aMedellín :b[sin publicador],c2006. a1 CD ROM3 aEste trabajo presenta de un modo panorámico y retrospectivo –en algunos temas- un punto de vista sobre la forma en que se configura el espacio urbano y simbólico de la ciudad teniendo como base la mirada de actores cotidianos taxistas, venteros ambulantes, transeúntes- sobre la realidad. Se construye a través de ellos también algunos relatos que dan cuenta sobre los micropoderes de la ciudad de Medellín que servirán luego para hacer una contrastación entre la ciudad planeada institucionalmente y la ciudad pensada y vivida por sus habitantes. Se hace énfasis además en cómo estas circunstancias definen relaciones de poder que, a su vez, influyen en las diferentes visiones sobre proyectos de ciudad. 7aGeografía2lemb aMedellín (Antioquia) 7aEspacio urbano2lemb aCentro de la Ciudad - Medellín aRelaciones de poder aIdentidad urbana aModernización - Colombia aNarcotráfico - Medellín (Antioquia) aParamilitarismo - Medellín (Colombia) 7aOrdenamiento territorialzMedellín (Antioquia, Colombia)2lemb aGuerrillas urbanas - Medellín aMedellín (Antioquia) - Sociología aEspacio público - Medellín (Antioquia, Colombia) 0aConflicto urbano - Medellín (Antioquia, Colombia) 7aCiudades y pueblos2lemb b106c12 a107